| 000 | 01567nam a2200265 i 4500 | ||
|---|---|---|---|
| 001 | 157383 | ||
| 003 | ES-MaACL | ||
| 005 | 20250819051803.0 | ||
| 008 | 960320s1860 sp |||| | spa d | ||
| 040 | _cES-MaACL | ||
| 100 | 1 |
_aLeal, José Román. _9128801 _eaut |
|
| 245 | 1 | 0 |
_aFilosofía social : _bdiscursos pronunciados en el Ateneo Científico y Literario de Madrid / _cpor José Román Leal. |
| 260 |
_aMadrid : _b[s.n.], _c1860 _f(Imp. de Luis Beltrán) |
||
| 300 |
_a328 páginas ; _c22 cm. |
||
| 505 | 8 | _aIntroducción ; Filosofía del hombre ; Unidad de la especie humana ; Origen del hombre ; Fuentes históricas ; Formación de las sociedades ; Primeras civilizaciones ; Símbolos y emblemas ; Instituciones ; Libertades de occidente ; Constitución de Roma ; Revolución social ; Fórmulas filosóficas ; Necesidades ; Proudhon ; Teorías económicas ; Infortunios sociales ; Desarrollo industrial ; Equilibrio social ; Problemas filosóficos ; Destino racional del hombre | |
| 530 | _aDisponible en formato digital | ||
| 594 | _aRecoge, según el autor en el prólogo, textos de las conferencias dadas en el Ateneo, pero sin especificar fechas. | ||
| 610 | 2 | 4 |
_aAteneo de Madrid- _vConferencias- _yS.XIX. _91910 |
| 650 | 0 | 4 |
_aCiencias sociales- _xFilosofía _910993 |
| 852 |
_aES-MaACL _cSPP2 _jF-11541 _xHolandesa |
||
| 856 |
_uhttps://patrimoniodigital.ucm.es/s/patrimonio/item/635559 _yVersión en línea _z(Patrimonio Digital Complutense) |
||
| 942 |
_cMONANT _n0 |
||
| 999 |
_c157383 _d157383 |
||